Szczegóły MARC21

Waloryzacja złotego przedwojennego /

003 -Nazwa inst., której nr kontr. jest w polu 001 [,]
    • @
    • Nazwa instytucji, której n kontrolny jest w polu 001
    • NUKAT
005 -DATA I CZAS OSTATNIEJ MODYFIKACJI [,]
    • @
    • pole kontrolne
    • 20250819082238.0
020 -Międzynarod. znormalizowany nr książki - ISBN [ , ]
    • a
    • Numer ISBN
    • 9788365955814 Find
    • q
    • Dopowiedzenie
    • (oprawa twarda)
040 -Instytucja sporządzająca opis [ , ]
    • a
    • Instytucja, która sporządziła opis (NP)
    • BYDG 24/ap
    • b
    • Język katalogowania
    • pol
    • e
    • Zasady katalogowania
    • rda
    • c
    • Instytucja, która sporządziła rekord (NP)
    • BYDG 24/ap
    • d
    • Instytucja, która zmodyfikowała rekord (P)
    • BYDG 24/MS
    • d
    • Instytucja, która zmodyfikowała rekord (P)
    • BYDG 24/mps
    • d
    • Instytucja, która zmodyfikowała rekord (P)
    • KAT U/AF
942 -Rodzaj dokumentu [ , ]
    • c
    • Rodzaj dokumentu
    • Książka
100 -Hasło główne - nazwa osobowa [1, ]
    • a
    • Nazwa osobowa (NP)
    • Kłusek, Mirosław.
    • e
    • Rodzaj współpracy
    • Autor
    • 9
    • KHW
    • 47176
245 -Strefa tytułu i oznaczenia odpowiedzialności [1,0]
    • a
    • Tytuł
    • Waloryzacja złotego przedwojennego / Find
    • c
    • Pozostałe elementy strefy tytułu i oznaczenia odpowiedzialności (NP)
    • Mirosław Kłusek.
260 -Strefa adresu wydawniczego [ , ]
    • a
    • Miejsce wydania (P)
    • Kraków :
    • b
    • Nazwa wydawcy (P)
    • Wydawnictwo Naukowe AKAPIT,
    • c
    • Data wydania (P)
    • 2024.
300 -Strefa opisu fizycznego [ , ]
    • a
    • Określenie formy książki i/lub objętość (NP)
    • 293, [2] strony :
    • b
    • Oznaczenie ilustracji (NP)
    • ilustracje ;
    • c
    • Format (NP)
    • 25 cm.
336 -Typ zawartości [ , ]
    • a
    • Termin opisujący typ zawartości
    • Tekst
    • b
    • Kod określający zawartość
    • txt
    • 2
    • Źródło (terminu i kodu)
    • rdacontent
337 -Typ mediów [ , ]
    • a
    • Tryb odtwarzania
    • Bez urządzenia pośredniczącego
    • b
    • Kod typu mediów
    • n
    • 2
    • Źródło (terminu i kodu)
    • rdamedia
338 -Typ/rodzaj nośnika [ , ]
    • a
    • Hasło opisujące typ nośnika
    • Wolumin
    • b
    • Kod typu nośnika
    • nc
    • 2
    • Źródło (terminu i kodu)
    • rdacarrier
380 -Deskryptor - Forma dzieła (P) [ , ]
    • a
    • forma dzieła (NP)
    • Książki
380 -Deskryptor - Forma dzieła (P) [ , ]
    • a
    • forma dzieła (NP)
    • Publikacje naukowe
380 -Deskryptor - Forma dzieła (P) [ , ]
    • a
    • forma dzieła (NP)
    • Publikacje fachowe
385 -Deskryptor - grupa odbiorców (P) [ , ]
    • a
    • termin określający odbiorcę (P)
    • Sędziowie
385 -Deskryptor - grupa odbiorców (P) [ , ]
    • a
    • termin określający odbiorcę (P)
    • Adwokaci
385 -Deskryptor - grupa odbiorców (P) [ , ]
    • a
    • termin określający odbiorcę (P)
    • Radcy prawni
385 -Deskryptor - grupa odbiorców (P) [ , ]
    • a
    • termin określający odbiorcę (P)
    • Urzędniczki i urzędnicy
385 -Deskryptor - grupa odbiorców (P) [ , ]
    • a
    • termin określający odbiorcę (P)
    • Uczone i uczeni
385 -Deskryptor - grupa odbiorców (P) [ , ]
    • a
    • termin określający odbiorcę (P)
    • Studentki i studenci
388 -Deskryptor - czas powstania dzieła (P) [1, ]
    • a
    • Czas powstania dzieła (NP)
    • 2001-
504 -Uwaga dot. bibliogr. załącznikowej [ , ]
    • a
    • Uwaga dot. bibliografii załącznikowej
    • Bibliografia na stronach 289-293.
521 -Uwaga dot. przeznaczenia czytelniczego [ , ]
    • a
    • Uwaga dot. przeznaczenia czytelniczego
    • Publikacja jest adresowana do badaczy zajmujących się problematyką bankowości oraz rzeczoznawców majątkowych, sędziów, adwokatów, radców prawnych, pracowników administracji państwowej i samorządowej zajmujących się sprawami związanymi z reprywatyzacją majątku i praw majątkowych upaństwowionych lub skomunalizowanych przez władze komunistyczne. Może również stanowić źródło wiedzy dla przedstawicieli nauk, m. in. ekonomistów, historyków gospodarczych, prawników oraz studentów studiów historycznych i ekonomicznych, a także studentów wydziałów prawa i administracji.
648 -Hasło przedmiotowe - chronologia [ ,7]
    • a
    • Deskryptor chronologiczny
    • 1901-2000
    • 2
    • Źródło terminu
    • DBN
    • 9
    • KHW
    • 721448
648 -Hasło przedmiotowe - chronologia [ ,7]
    • a
    • Deskryptor chronologiczny
    • 1918-1939
    • 2
    • Źródło terminu
    • DBN
    • 9
    • KHW
    • 721223
648 -Hasło przedmiotowe - chronologia [ ,7]
    • a
    • Deskryptor chronologiczny
    • 1939-1945
    • 2
    • Źródło terminu
    • DBN
    • 9
    • KHW
    • 721730
648 -Hasło przedmiotowe - chronologia [ ,7]
    • a
    • Deskryptor chronologiczny
    • 1945-1989
    • 2
    • Źródło terminu
    • DBN
    • 9
    • KHW
    • 721450
648 -Hasło przedmiotowe - chronologia [ ,7]
    • a
    • Deskryptor chronologiczny
    • 1989-2000
    • 2
    • Źródło terminu
    • DBN
    • 9
    • KHW
    • 721451
650 -Hasło przedmiotowe [ ,7]
    • a
    • Hasło przedmiotowe
    • Waluta
    • x
    • Określnik rzeczowy
    • prawo
    • z
    • Określnik geograficzny
    • Polska
    • x
    • Określnik rzeczowy
    • historia.
    • 2
    • Źródło terminu
    • kaba
    • 9
    • KHW
    • 724164
650 -Hasło przedmiotowe [ ,7]
    • a
    • Hasło przedmiotowe
    • Polityka pieniężna
    • z
    • Określnik geograficzny
    • Polska
    • y
    • Określnik chronologiczny
    • 20 w.
    • 2
    • Źródło terminu
    • kaba
    • 9
    • KHW
    • 724131
650 -Hasło przedmiotowe [ ,7]
    • a
    • Hasło przedmiotowe
    • Pieniądz
    • z
    • Określnik geograficzny
    • Polska
    • y
    • Określnik chronologiczny
    • 20 w.
    • 2
    • Źródło terminu
    • kaba
    • 9
    • KHW
    • 589963
650 -Hasło przedmiotowe [ ,7]
    • a
    • Hasło przedmiotowe
    • Złoty.
    • 2
    • Źródło terminu
    • kaba
    • 9
    • KHW
    • 173819
650 -Hasło przedmiotowe [ ,7]
    • a
    • Hasło przedmiotowe
    • Waluta
    • x
    • Określnik rzeczowy
    • polityka publiczna
    • z
    • Określnik geograficzny
    • Polska.
    • 2
    • Źródło terminu
    • kaba
    • 9
    • KHW
    • 593945
650 -Hasło przedmiotowe [ ,7]
    • a
    • Hasło przedmiotowe
    • Waloryzacja (ekonomia)
    • 2
    • Źródło terminu
    • DBN
    • 9
    • KHW
    • 725078
650 -Hasło przedmiotowe [ ,7]
    • a
    • Hasło przedmiotowe
    • Reprywatyzacja
    • 2
    • Źródło terminu
    • DBN
    • 9
    • KHW
    • 725063
650 -Hasło przedmiotowe [ ,7]
    • a
    • Hasło przedmiotowe
    • Inflacja
    • 2
    • Źródło terminu
    • DBN
    • 9
    • KHW
    • 725058
650 -Hasło przedmiotowe [ ,7]
    • a
    • Hasło przedmiotowe
    • Polityka pieniężna
    • 2
    • Źródło terminu
    • DBN
    • 9
    • KHW
    • 721612
650 -Hasło przedmiotowe [ ,7]
    • a
    • Hasło przedmiotowe
    • Złoty (pieniądz)
    • 2
    • Źródło terminu
    • DBN
    • 9
    • KHW
    • 725081
650 -Hasło przedmiotowe [ ,7]
    • a
    • Hasło przedmiotowe
    • Centrala Narodowego Banku Polskiego (Warszawa ; budynek)
    • 2
    • Źródło terminu
    • DBN
    • 9
    • KHW
    • 725084
655 -Hasło w funkcji tematu formalnego [ ,7]
    • a
    • Hasło
    • Monografia
    • 2
    • Źródło terminu
    • DBN
    • 9
    • KHW
    • 721273
658 -Ujęcie treści [ , ]
    • a
    • dziedzina nauki i sztuki/ sfera aktywności życiowej
    • Gospodarka, ekonomia, finanse
658 -Ujęcie treści [ , ]
    • a
    • dziedzina nauki i sztuki/ sfera aktywności życiowej
    • Prawo i wymiar sprawiedliwości
658 -Ujęcie treści [ , ]
    • a
    • dziedzina nauki i sztuki/ sfera aktywności życiowej
    • Historia
710 -Hasło dodatkowe - nazwa ciała zbiorowego [2, ]
    • a
    • Nazwa ciała zbiorowego lub nazwa geograficzna jako pierwszy element (NP)
    • Wydawnictwo Naukowe AKAPIT.
    • e
    • Rodzaj współpracy
    • Wydawca
    • 4
    • Kod relacji
    • pbl
    • 9
    • KHW
    • 81714
920 -ISBN [ , ]
    • a
    • ISBN
    • 9788365955814 (oprawa twarda) Find
Numer inwentarzowy Status udost. Data inwentaryzacji Lokalizacja
E.81546-22025-05-13BE